书目信息 |
| 题名: |
政治自由主义
|
|
| 作者: | 美约翰·罗尔斯 ;万俊人 | |
| 分册: | ||
| 出版信息: | 南京 译林出版社 36532 |
|
| 页数: | 643页 | |
| 开本: | 20cm | |
| 丛书名: | ||
| 单 册: | ||
| 中图分类: | D09 , D09 | |
| 科图分类: | ||
| 主题词: | 政治学--历史 , 政治思想史 | |
| 电子资源: | ||
| ISBN: | 7-80657-030-6 | |
| 000 | 00638nam0 2200217 450 | |
| 001 | 2636146095 | |
| 005 | 20260414100314.35 | |
| 010 | @a7-80657-030-6@d¥28.80 | |
| 100 | @a20070819d km y0chiy0120 ea | |
| 101 | 0 | @achi |
| 200 | 1 | @a政治自由主义@Azheng zhi zi you zhu yi@f[美]约翰.罗尔斯@F[mei]yue han.luo er si@g万俊人@Gwan jun ren |
| 210 | @a南京@c译林出版社@d36532 | |
| 215 | @a643页@d20cm | |
| 606 | 0 | @a政治学@x历史 |
| 606 | 0 | @a政治思想史 |
| 690 | @aD09@v3 | |
| 690 | @aD09@v4 | |
| 701 | 0 | @a美约翰·罗尔斯@Amei yue han·luo er si |
| 702 | 0 | @a万俊人@Awan jun ren |
| 801 | 0 | @aCN@bPFT@c20070819 |
| 905 | @a213230@dD09@e224@f1 | |
| 政治自由主义/[美]约翰.罗尔斯/万俊人.-南京:译林出版社,36532 |
| 643页;20cm |
| ISBN 7-80657-030-6:¥28.80 |
| ● |
| 相关链接 |
|
|
|
|
正题名:政治自由主义
索取号:D09/224
 
预约/预借
| 序号 | 登录号 | 条形码 | 馆藏地/架位号 | 状态 | 备注 |
| 1 | 1442630 | 214426307 | 第一样本阅览室/ [索取号:D09/224] | 在馆 |